| 000 | 00660nam a22001937a 4500 | ||
|---|---|---|---|
| 999 |
_c188483 _d188483 |
||
| 005 | 20220525102138.0 | ||
| 010 | _aENG-132809 | ||
| 020 |
_a9788186038833 _c750.00 |
||
| 035 | _aEN-116341 | ||
| 037 | _bDBAD/PUB | ||
| 082 | _a025.84 | ||
| 245 |
_aWorld in Digital Age: _bDigitization and Prservation/ _cEdited by syed Ahtisham Raza Naqvi and Rishi Tiwari |
||
| 260 |
_aUttar Pradesh _bInmantec Publishing _c2014 |
||
| 270 |
_aAdhyatmik Nagar, Delhi-Hapur Bypass (NH-24) Udyog Kunj _bGhaziabad _e201009 |
||
| 300 |
_aix, 289p _c23cm(hbk) |
||
| 700 | _aNaqvi, Syed Ahtisham Raza | ||
| 700 | _aTiwari, Rishi | ||
| 942 |
_2ddc _cEN _h025.84 _mWOR |
||